000 00288nam a22001337a 4500
008 170714b xxu||||| |||| 00| 0 eng d
020 _a030099295506
041 _aeng
080 _a038
100 _a24
101 _aFJA
245 _aWEBSTERS DICTIONARY
_cWEBSTER, N
942 _2udc
_cBK
999 _c20962
_d20962